Library Logo

Pioneer International University Library Catalogue

THE ROADS TO CONGRESS 2000 (Record no. 301)

MARC details
000 -LEADER
fixed length control field 00345nam a22001217a 4500
005 - DATE AND TIME OF LATEST TRANSACTION
control field 20250901165214.0
008 - FIXED-LENGTH DATA ELEMENTS--GENERAL INFORMATION
fixed length control field 210219b ||||| |||| 00| 0 eng d
020 ## - INTERNATIONAL STANDARD BOOK NUMBER
International Standard Book Number 0534526926
050 ## - LIBRARY OF CONGRESS CALL NUMBER
Classification number JK 1968 A38 200
245 ## - TITLE STATEMENT
Title THE ROADS TO CONGRESS 2000
Statement of responsibility, etc. AHUJA, SUNIL
260 ## - PUBLICATION, DISTRIBUTION, ETC.
Place of publication, distribution, etc. U.S.A.
Name of publisher, distributor, etc. WADSWORTH
Date of publication, distribution, etc. 2000
942 ## - ADDED ENTRY ELEMENTS (KOHA)
Source of classification or shelving scheme Library of Congress Classification
Classification part JK 1968 A38 200
Holdings
Withdrawn status Lost status Source of classification or shelving scheme Damaged status Not for loan Home library Current library Shelving location Date acquired Total checkouts Full call number Barcode Date last seen Price effective from Koha item type
    Library of Congress Classification     Main Library Main Library   02/19/2021   JK 1968 A38 200 PIU0002909 02/19/2021 02/19/2021 Books